Statistics for Countries with Lowest Student-to-Teacher Ratio

Click here to take the quiz!

General Stats

  • This quiz has been taken 31 times
  • The average score is 6 of 12

Answer Stats

Ratio Country % Correct
9.27Sweden
83%
9.93Denmark
83%
9.7Iceland
73%
9.29Luxembourg
67%
9.58Andorra
60%
6.27San Marino
57%
7.84Liechtenstein
57%
8.6Kuwait
27%
9.6Qatar
23%
9.06Cuba
20%
6.26Georgia
7%
7.6Montenegro
0%

Score Distribution

Percentile by Number Answered

Percent of People with Each Score

Your Score History

You have not taken this quiz